10 Largest Employers - Statistics

General Stats
  • This quiz has been taken 58 times
  • The average score is 3 of 10
Answer Stats
Company Employees % Correct
1 Walmart 2,300,000
88%
2 Amazon.com 566,000
55%
10 Target 345,000
39%
7 IBM 366,000
27%
8 FedEx 357,000
22%
9 UPS 346,415
22%
6 Berkshire Hathaway 377,000
16%
4 Kroger 449,000
14%
5 The Home Depot 413,000
14%
3 Yum China Holdings 450,000
4%
No matching quizzes found
Score Distribution
Percent of People with Each Score
Percentile by Number Answered
Your Score History
You have not taken this quiz